| 000 | 01543cam a2200373 a 4500 | ||
|---|---|---|---|
| 001 | 12065198 | ||
| 003 | Nust | ||
| 005 | 20220829160549.0 | ||
| 008 | 000620r19991928enk b 000 1 eng | ||
| 010 | _a 00268677 | ||
| 020 | _a0192100289 | ||
| 040 |
_aDLC _cDLC _dDLC |
||
| 043 | _ae-uk-en | ||
| 050 | 0 | 0 |
_aPR4494 _b.M62 1999b |
| 082 | 0 | 0 |
_a823 _bCOL |
| 100 | 1 |
_aCollins, Wilkie, _d1824-1889. _912061 |
|
| 245 | 1 | 4 |
_aThe moonstone / _cWilkie Collins ; edited with an introduction and notes by John Sutherland. |
| 260 |
_aOxford ; _aNew York : _bOxford University Press, _c1999. |
||
| 300 |
_alviii, 552 p. ; _c20 cm. |
||
| 490 | 1 | _aOxford world's classics | |
| 504 | _aIncludes bibliographical references (p. [xl]-xxli). | ||
| 650 | 0 |
_aJewelry theft _vFiction. _912070 |
|
| 650 | 0 |
_aPolice _zEngland _vFiction. _911890 |
|
| 650 | 0 |
_aEast Indians _zEngland _vFiction. _91068 |
|
| 651 | 0 |
_aEngland _vFiction. _91072 |
|
| 655 | 7 |
_aMystery fiction. _2gsafd |
|
| 700 | 1 |
_aSutherland, John, _d1938- _998639 |
|
| 830 | 0 |
_aOxford world's classics (Oxford University Press) _911781 |
|
| 856 | 4 | 2 |
_3Publisher description _uhttp://www.loc.gov/catdir/enhancements/fy0608/00268677-d.html |
| 856 | 4 | 2 |
_3Contributor biographical information _uhttp://www.loc.gov/catdir/enhancements/fy0723/00268677-b.html |
| 906 |
_a7 _bcbc _corigcop _d2 _encip _f20 _gy-gencatlg |
||
| 942 |
_2ddc _cBK |
||
| 999 |
_c174405 _d174405 |
||